000 00334nam a2200133 i 4500
001 bg
245 0 _aBadania nad historią gospodarczo-społeczną w Polsce :
_b(problemy i metody).
260 _aWarszawa,
_c1978.
040 _cBPK
041 _apol
080 _a338.091
942 _cKS
008 s pl f |000 0 pol
999 _c18090
_d18090
856 _uhttp://koha.tu.koszalin.pl/cgi-bin/koha/opac-detail.pl?biblionumber=18090
_yKatalog online BPK